01219 a2200169 45000010006000000050017000060080041000230030015000640400040000790800065001192450039001842640043002233000019002665050722002851000018010077000024010253067920260407155616.0260407a arg spa d AR-UNSa-BCEJYS aAR-UNSa-BCEJYSbspacAR-UNSa-BCEJYS a657.474.55xCostes directos e indirectos. Costes marginales 10aLa moderna contabilidad industrial 1aMadrid :bIberico Europea de Ediciones a228 p.c21 cm. aPrimera parte: Nociones introductivas - 1. Nociones generales sobre la contabilidad general - 2. Los costos empresariales - Segunda parte: Los sistemas de registro de los costos - 3. Criterio de planteamiento de la contabilidad industrial - 4. Los costos en producción bajo encargo - 5. Los costos en fabricación en serie - 6. La contabilidad a costos standard - 7. La contabilidad de costos directos - Tercera parte: La utilización de los costos para la gestión de la empresa - 8. La contabilidad industrial comprendida como contabilidad de control - 9. Métodos de control de los costos - 10. La utilización de los datos de la contabilidad industrial para la realización de las elecciones direccionales1 aFurlan, Sante1 aLobo Arlen, Jesús